00345pab a2200133 454500008004000000100002300040245007400063260000900137300001300146362001200159650001000171700001700181773001300198180718b1980 xxu||||| |||| 00| 0 eng d aManohar, K. Murali aWomen-sanitary workers in a semi-urban city: An empirical observation c1980 ap.85-96. aOct-Dec aWomen aSambaiah, P. aNagarlok